| 000 | 00551nam a2200193Ia 4500 | ||
|---|---|---|---|
| 003 | OSt | ||
| 005 | 20240807093131.0 | ||
| 008 | 210210b1971 xxu||||| |||| 00| 0 eng d | ||
| 040 | _cAL | ||
| 041 | _aHindi | ||
| 082 | _aH891.4 DOWB | ||
| 100 |
_aDOWSON and ELLIOT. _dडॉसन & इलियट _9175411 |
||
| 245 |
_aBharat ka itihas. V6. _bभारत का इतिहास भाग ६ |
||
| 260 |
_aAgra _bShivlal Agrval End Kampani _c1971 |
||
| 300 | _a432,ii | ||
| 690 |
_aHindi Prose _9175412 |
||
| 906 | _a029329 | ||
| 942 |
_2ddc _cBK |
||
| 999 |
_c80550 _d80550 |
||